书目信息 |
| 题名: |
六天战争秘史
|
|
| 作者: | 巴尔-佐阿尔 , Bar-Zohar 著 ;楼瑶卿 , 符锦勇 译 | |
| 分册: | ||
| 出版信息: | 上海 上海译文出版社 1987 |
|
| 页数: | 314页 | |
| 开本: | 19cm | |
| 丛书名: | ||
| 单 册: | ||
| 中图分类: | E382.9 , K37 | |
| 科图分类: | ||
| 主题词: | 第三次中东战争(1967) , 西亚--历史 | |
| 电子资源: | ||
| ISBN: | ||
| 000 | 00929nam0 2200325 45 | |
| 001 | 0187000777 | |
| 005 | 20040512095026.4 | |
| 010 | @dCNY1.80 | |
| 091 | @a11188.57 | |
| 100 | @a19931110d1987 em y0chiy0121 ea | |
| 101 | 1 | @achi@cfre |
| 102 | @aCN@b310000 | |
| 105 | @af z 000yd | |
| 106 | @ar | |
| 200 | 10 | @a六天战争秘史@Aliu tian zhan zheng mi shi@f(以)巴尔-佐阿尔(Bar-Zohar,M.)著@g楼瑶卿,符锦勇译 |
| 210 | @a上海@c上海译文出版社@d1987 | |
| 215 | @a314页@c图@d19cm | |
| 300 | @a根据法国法亚尔出版社1968年版译出 | |
| 606 | @a第三次中东战争(1967) | |
| 606 | 0 | @a西亚@x历史 |
| 610 | 0 | @a阿以战争 |
| 690 | @aE382.9@v3 | |
| 690 | @aK37 | |
| 701 | 1 | @a巴尔-佐阿尔@Aba er - zuo a er@bM.@4著 |
| 701 | A1 | @aBar-Zohar@bM.@4著 |
| 702 | 0 | @a楼瑶卿@Alou yao qing@4译 |
| 702 | 0 | @a符锦勇@Afu jin yong@4译 |
| 801 | 0 | @aCN@b深圳图书馆@c20040512 |
| 801 | 2 | @aCN@bNLC@c20040512 |
| 905 | @f2@b213392-393@dK37@e3 | |
| 六天战争秘史/(以)巴尔-佐阿尔(Bar-Zohar,M.)著/楼瑶卿,符锦勇译.-上海:上海译文出版社,1987 |
| 314页:图;19cm |
| 根据法国法亚尔出版社1968年版译出 |
| ISBN :CNY1.80 |
| ● |
| 相关链接 |
|
|
|
|
正题名:六天战争秘史
索取号:K37/3
 
预约/预借
| 序号 | 登录号 | 条形码 | 馆藏地/架位号 | 状态 | 备注 |
| 1 | 0213392 | 001396340 | 第二借阅区/ [索取号:K37/3] | 在馆 | |
| 2 | 0213393 | 000564801 | 第二借阅区/ [索取号:K37/3] | 在馆 | |
| 3 | 0213394 | 001396331 | 第二样本阅览室/ [索取号:K37/3] | 在馆 |